Ensayo raciocinado acerca de la aptitud o posibilidad de reviviscencia de los ahogados / (Record no. 103043)

MARC details
000 -LEADER
campo de control de longitud fija 00737nam a2200181 i 4500
001 - NÚMERO DE CONTROL
campo de control 103043
003 - IDENTIFICADOR DE NÚMERO DE CONTROL
campo de control ES-MaACL
005 - FECHA Y HORA DE LA ÚLTIMA TRANSACCIÓN
campo de control 20230906183244.0
007 - CAMPO FIJO DE DESCRIPCIÓN FÍSICA--INFORMACIÓN GENERAL
campo de control de longitud fija t|
008 - DATOS DE LONGITUD FIJA--INFORMACIÓN GENERAL
campo de control de longitud fija 060104s1793 sp ||||1| spa d
080 ## - NÚMERO DE LA CLASIFICACIÓN DECIMAL UNIVERSAL
Número de la Clasificación Decimal Universal 616-001.86(043.2)"17"
100 1# - ENTRADA PRINCIPAL--NOMBRE DE PERSONA
Nombre de persona Mayzonada, Jacinto.
9 (RLIN) 79447
245 10 - MENCIÓN DEL TÍTULO
Título Ensayo raciocinado acerca de la aptitud o posibilidad de reviviscencia de los ahogados /
Mención de responsabilidad, etc. escrito por el Lic. Don Jacinto Mayzonada..., con una carta de el mismo al doct. Don Martín Monreal...
260 ## - PUBLICACIÓN, DISTRIBUCIÓN, ETC.
Lugar de publicación, distribución, etc. En Valladolid :
Nombre del editor, distribuidor, etc. en la Oficina de la Viuda e Hijos de Santander,
Fecha de publicación, distribución, etc. 1793.
300 ## - DESCRIPCIÓN FÍSICA
Extensión 39 p. ;
Dimensiones 20 cm.
650 14 - PUNTO DE ACCESO ADICIONAL DE MATERIA--TÉRMINO DE MATERIA
Término de materia o nombre geográfico como elemento de entrada Ahogamiento-
Subdivisión de forma Obras anteriores a 1800.
9 (RLIN) 9700
852 ## - LOCALIZACIÓN
Ubicación ES-MaACL
Número de control de estantería R-3430(3)
Holdings
Estatus retirado Estado de pérdida Estado de daño No para préstamo Colección Biblioteca de origen Biblioteca actual Ubicación en estantería Fecha de adquisición Fuente de adquisición Total de préstamos Signatura topográfica completa Código de barras Visto por última vez Precio de reemplazo Tipo de ítem Koha
        Libros del s. XVIII Biblioteca del Ateneo de Madrid Biblioteca del Ateneo de Madrid Depósito 17/01/2008     R-3430(3) 1107600 23/02/2023 23/02/2023 Libro impreso antiguo